Fast typing 1 to 69 - Statistics

General Stats
  • This quiz has been taken 35 times
  • The average score is 62 of 69
Answer Stats
# % Correct
1
100%
10
100%
2
100%
3
100%
4
100%
6
100%
8
100%
9
100%
11
96%
12
96%
13
96%
14
96%
15
96%
16
96%
17
96%
18
96%
19
96%
20
96%
22
96%
23
96%
24
96%
5
96%
7
96%
21
93%
25
93%
26
93%
27
93%
28
93%
29
93%
30
89%
31
86%
32
86%
33
86%
34
86%
35
86%
36
86%
37
86%
38
86%
39
86%
40
86%
41
86%
42
86%
43
86%
44
86%
45
86%
46
86%
47
86%
48
86%
49
86%
50
86%
51
86%
52
86%
53
86%
54
86%
55
86%
56
86%
57
86%
58
86%
59
86%
60
86%
61
86%
62
86%
63
86%
64
86%
65
86%
66
86%
67
86%
68
86%
69
86%
No matching quizzes found
Score Distribution
Percent of People with Each Score
Percentile by Number Answered
Your Score History
You have not taken this quiz